|
|
|
|
| LEADER |
01722nam a2200301 4500 |
| 001 |
31235 |
| 003 |
BD-DhAAL |
| 005 |
20211207112022.0 |
| 008 |
160201s2015 ii ||||| |||| 001 0 eng d |
| 999 |
|
|
|c 36732
|d 36732
|
| 020 |
|
|
|a 9788131518205
|
| 022 |
|
|
|a 8131518205
|
| 040 |
|
|
|a BD-DhAAL
|c BD-DhAAL
|
| 082 |
|
|
|2 23
|a 338.5
|
| 100 |
|
|
|a Mankiw, N. Gregory
|9 17650
|
| 245 |
|
|
|a Principles of microeconomics /
|c N. Gregory Mankiw
|
| 260 |
|
|
|a Delhi :
|b Cengage Learning,
|c 2015 [Reprinted]
|
| 300 |
|
|
|a xxiv, 503 pages :
|b illustrations ;
|c 25 cm.
|
| 526 |
|
|
|a ESS
|
| 541 |
|
|
|e 31235, 31236, 31237, 31238, 31239
|
| 650 |
|
|
|a Microeconomics.
|9 20392
|
| 650 |
|
|
|a Economics.
|9 43467
|
| 942 |
|
|
|2 ddc
|c BK
|
| 952 |
|
|
|0 0
|1 0
|2 ddc
|4 0
|6 338_500000000000000_MAN
|7 0
|9 59530
|a BRACUL
|b BRACUL
|c GEN
|d 2016-07-20
|e Trim Education
|g 930.00
|l 19
|m 133
|o 338.5 MAN
|p 3010031238
|r 2026-02-19
|s 2025-10-16
|t 4
|v 930.00
|w 2016-07-20
|y BK
|
| 952 |
|
|
|0 0
|1 0
|2 ddc
|4 0
|6 338_500000000000000_MAN
|7 0
|9 59531
|a BRACUL
|b BRACUL
|c GEN
|d 2016-07-20
|e Trim Education
|g 930.00
|l 17
|m 150
|o 338.5 MAN
|p 3010031239
|r 2026-05-20
|s 2026-02-22
|t 5
|v 930.00
|w 2016-07-20
|y BK
|
| 952 |
|
|
|0 0
|1 0
|2 ddc
|4 0
|6 338_500000000000000_MAN
|7 0
|9 59532
|a BRACUL
|b BRACUL
|c GEN
|d 2016-07-20
|e Trim Education
|g 930.00
|l 18
|m 114
|o 338.5 MAN
|p 3010031237
|r 2025-05-20
|s 2025-03-04
|t 3
|v 930.00
|w 2016-07-20
|y BK
|
| 952 |
|
|
|0 0
|1 0
|2 ddc
|4 0
|6 338_500000000000000_MAN
|7 0
|9 59533
|a BRACUL
|b BRACUL
|c GEN
|d 2016-07-20
|e Trim Education
|g 930.00
|l 21
|m 111
|o 338.5 MAN
|p 3010031235
|r 2025-08-17
|s 2025-08-12
|t 1
|v 930.00
|w 2016-07-20
|y BK
|
| 952 |
|
|
|0 0
|1 0
|2 ddc
|4 0
|6 338_500000000000000_MAN
|7 0
|9 59534
|a BRACUL
|b BRACUL
|c GEN
|d 2016-07-20
|e Trim Education
|g 930.00
|l 19
|m 141
|o 338.5 MAN
|p 3010031236
|q 2026-06-02
|r 2026-02-05
|s 2026-02-05
|t 2
|v 930.00
|w 2016-07-20
|y BK
|